| 000 | 00000nam 2200000za 4500 |
| 001 | 9.674209 |
| 003 | CaOODSP |
| 005 | 20210624224653 |
| 007 | cr ||||||||||| |
| 008 | 150407s2000 xxc|||||o f|0| 0 eng d |
| 020 | |a0-662-65419-6 |
| 040 | |aCaOODSP|beng |
| 041 | |aeng |
| 041 | |afre |
| 043 | |an-cn--- |
| 086 | 1 |aS52-3/43-2000-IN |
| 110 | 1 |aCanada. |bPublic Works and Government Services Canada. |bTranslation Bureau. |
| 245 | 10|aGlossary of management values and ethics |h[electronic resource] / |cby Éric Charette. |
| 260 | |aOttawa : |bPublic Works and Government Services Canada, |c2000. |
| 300 | |a58 p. |
| 500 | |aCanadian Cataloguing in Publication data printed on this publication. |
| 546 | |aBilingual |
| 590 | |a01-01|b2001-01-05 |
| 690 | 07|aPublic service|2gcpds |
| 690 | 07|aPublic administration|2gcpds |
| 690 | 07|aEthics|2gcpds |
| 690 | 07|aTerminology|2gcpds |
| 700 | 1 |aCharette, Éric. |
| 792 | |tLexique des valeurs de gestion et de l'éthique |efre|w(CaOODSP)9.674210 |
| 856 | 40|ahttp://publications.gc.ca|qPDF|uhttps://publications.gc.ca/collections/Collection/S52-3-43-2000.pdf|s631 KB |